书目信息 |
| 题名: |
化学品安全管理战略与政策
|
|
| 作者: | 陈会明 , 张静 编著 | |
| 分册: | ||
| 出版信息: | 北京 化学工业出版社 2012.09 |
|
| 页数: | 328页 | |
| 开本: | 25cm | |
| 丛书名: | ||
| 单 册: | ||
| 中图分类: | TQ086.5 | |
| 科图分类: | ||
| 主题词: | 化工产品--安全管理--中国 , 化工产品 , 安全管理 | |
| 电子资源: | ||
| ISBN: | 978-7-122-14620-5 | |
| 000 | 00897nam0 2200265 450 | |
| 001 | 010010104110 | |
| 005 | 20130701094259.04 | |
| 010 | @a978-7-122-14620-5@b精装@dCNY98.00 | |
| 100 | @a20121924d2012 em y0chiy50 ea | |
| 101 | 0 | @achi |
| 102 | @aCN@b110000 | |
| 105 | @aak z 000yy | |
| 106 | @ar | |
| 200 | 1 | @a化学品安全管理战略与政策@9hua xue pin an quan guan li zhan lue yu zheng ce@f陈会明,张静等编著 |
| 210 | @a北京@c化学工业出版社@d2012.09 | |
| 215 | @a328页@c图@d25cm | |
| 330 | @a本书分为五章,系统介绍了中国以及欧盟、日本和美国的化学品管理现状与新进展,以便为我国化学品管理战略与政策的制定探寻出路和提供借鉴。 | |
| 606 | 0 | @a化工产品@x安全管理@y中国 |
| 606 | 0 | @a化工产品 |
| 606 | 0 | @a安全管理 |
| 690 | @aTQ086.5@v5 | |
| 701 | 0 | @a陈会明@9chen hui ming@4编著 |
| 701 | 0 | @a张静@9zhang jing@4编著 |
| 801 | 0 | @aCN@bRENTIAN@c20120924 |
| 905 | @b544992-95@dTQ086.5@e222@f4 | |
| 化学品安全管理战略与政策/陈会明,张静等编著.-北京:化学工业出版社,2012.09 |
| 328页:图;25cm |
| ISBN 978-7-122-14620-5(精装):CNY98.00 |
| 本书分为五章,系统介绍了中国以及欧盟、日本和美国的化学品管理现状与新进展,以便为我国化学品管理战略与政策的制定探寻出路和提供借鉴。 |
| ● |
| 相关链接 |
|
|
|
|
正题名:化学品安全管理战略与政策
索取号:TQ086.5/222
 
预约/预借
| 序号 | 登录号 | 条形码 | 馆藏地/架位号 | 状态 | 备注 |
| 1 | 544992 | 205449923 | 第二样本阅览室/ [索取号:TQ086.5/222] | 在馆 | |
| 2 | 544993 | 205449932 | 第三借阅区/ [索取号:TQ086.5/222] | 在馆 | |
| 3 | 544994 | 205449941 | 第三借阅区/ [索取号:TQ086.5/222] | 在馆 | |
| 4 | 544995 | 205449950 | 密集书库-化学系/ [索取号:TQ086.5/222] | 在馆 |